[Event "ROM-ch U10 Boys"]
[Site "Voineasa"]
[Date "2008.04.14"]
[Round "4"]
[White "Mihaly, Zsolt"]
[Black "Torok, David"]
[Result "1-0"]
[WhiteElo "401"]
[BlackElo "401"]
[PlyCount "87"]
[EventDate "2008.04.08"]
[EventType "swiss"]
[EventRounds "9"]
[EventCountry "ROU"]
[SourceTitle "EXT 2013"]
[Source "ChessBase"]
[SourceDate "2012.11.22"]
[SourceVersion "1"]
[SourceVersionDate "2012.11.22"]
[SourceQuality "1"]

1. e4 e5 2. Nf3 f6 3. Bc4 Ne7 4. 0-0 d5 5. exd5 Ng6 6. Nc3 Bf5 7. Re1 Qe7 8. d4 Nd7 9. Qe2 0-0-0 10. Bb5 Re8 11. Bd2 Bxc2 12. g4 e4 13. Rac1 Bd3 14. Bxd3 exd3 15. Qxd3 Qd8 16. Rxe8 Qxe8 17. Re1 Qd8 18. g5 fxg5 19. Bxg5 Be7 20. Bxe7 Nxe7 21. Ng5 Rf8 22. Ne6 Qe8 23. Nxf8 Qxf8 24. Qe3 Kd8 25. Qe4 Ng6 26. d6 cxd6 27. Qxb7 Nf4 28. Nb5 Nh3+ 29. Kg2 Qxf2+ 30. Kxh3 Qxe1 31. a4 g5 32. Nxa7 Qh4+ 33. Kg2 g4 34. Nc6+ Ke8 35. Qc8+ Kf7 36. Qxd7+ Kg6 37. Ne7+ Kh5 38. Qf5+ Kh6 39. Ng8+ Kg7 40. Qf6+ Qxf6 41. Nxf6 Kxf6 42. a5 Ke7 43. a6 Kd7 44. a7 1-0